[Event "N1 Reykjavik Open 2014"]
[Site "Reykjavik, Iceland"]
[Date "2014.03.11"]
[Round "9.18"]
[White "Vojinovic, Jovana"]
[Black "Panjwani, Raja"]
[Result "0-1"]
[WhiteElo "2323"]
[BlackElo "2460"]
[LiveChessVersion "1.4.2"]

1. d4 
    {[%clk 1:20:47]}
1. ... d5 
    {[%clk 1:30:29]}
2. Bf4 
    {[%clk 1:18:22]}
2. ... e6 
    {[%clk 1:29:03]}
3. e3 
    {[%clk 1:18:15]}
3. ... c5 
    {[%clk 1:29:16]}
4. Nf3 
    {[%clk 1:16:36]}
4. ... Nc6 
    {[%clk 1:29:21]}
5. Nbd2 
    {[%clk 1:02:53]}
5. ... Nf6 
    {[%clk 1:17:10]}
6. c3 
    {[%clk 1:02:03]}
6. ... Bd6 
    {[%clk 1:17:23]}
7. Bg3 
    {[%clk 1:02:29]}
7. ... O-O 
    {[%clk 1:17:14]}
8. Bd3 
    {[%clk 1:02:14]}
8. ... b6 
    {[%clk 1:17:05]}
9. Ne5 
    {[%clk 0:57:20]}
9. ... Ne7 
    {[%clk 1:11:35]}
10. O-O 
    {[%clk 0:43:07]}
10. ... Bb7 
    {[%clk 1:10:05]}
11. Qe2 
    {[%clk 0:42:46]}
11. ... Ne4 
    {[%clk 0:59:35]}
12. Nxe4 
    {[%clk 0:40:22]}
12. ... dxe4 
    {[%clk 0:53:25]}
13. Bc2 
    {[%clk 0:40:40]}
13. ... Rc8 
    {[%clk 0:44:58]}
14. Qg4 
    {[%clk 0:34:00]}
14. ... cxd4 
    {[%clk 0:38:42]}
15. exd4 
    {[%clk 0:33:29]}
15. ... f5 
    {[%clk 0:38:38]}
16. Qe2 
    {[%clk 0:31:32]}
16. ... Bxe5 
    {[%clk 0:32:46]}
17. Bxe5 
    {[%clk 0:31:21]}
17. ... Ng6 
    {[%clk 0:31:55]}
18. Bb3 
    {[%clk 0:27:13]}
18. ... Bd5 
    {[%clk 0:30:14]}
19. Bxd5 
    {[%clk 0:21:38]}
19. ... Qxd5 
    {[%clk 0:29:29]}
20. f4 
    {[%clk 0:21:28]}
20. ... b5 
    {[%clk 0:21:31]}
21. Kh1 
    {[%clk 0:20:58]}
21. ... Rc4 
    {[%clk 0:21:01]}
22. a3 
    {[%clk 0:20:57]}
22. ... a5 
    {[%clk 0:21:03]}
23. Rfc1 
    {[%clk 0:20:56]}
23. ... Rfc8 
    {[%clk 0:21:18]}
24. Rc2 
    {[%clk 0:20:54]}
24. ... b4 
    {[%clk 0:19:25]}
25. axb4 
    {[%clk 0:18:50]}
25. ... axb4 
    {[%clk 0:19:53]}
26. Rac1 
    {[%clk 0:18:29]}
26. ... Nxe5 
    {[%clk 0:18:10]}
27. dxe5 
    {[%clk 0:14:27]}
27. ... Qd3 
    {[%clk 0:17:32]}
28. Kg1 
    {[%clk 0:12:36]}
28. ... Qxe2 
    {[%clk 0:13:41]}
29. Rxe2 
    {[%clk 0:13:05]}
29. ... bxc3 
    {[%clk 0:12:50]}
30. Rxc3 
    {[%clk 0:13:23]}
30. ... Rxc3 
    {[%clk 0:13:12]}
31. bxc3 
    {[%clk 0:13:52]}
31. ... Rxc3 
    {[%clk 0:05:41]}
32. Ra2 
    {[%clk 0:13:56]}
32. ... Kf7 
    {[%clk 0:05:13]}
33. h4 
    {[%clk 0:11:40]}
33. ... Kg6 
    {[%clk 0:05:14]}
34. Ra7 
    {[%clk 0:09:38]}
34. ... e3 
    {[%clk 0:04:24]}
35. Kf1 
    {[%clk 0:09:50]}
35. ... Rc2 
    {[%clk 0:04:31]}
36. g3 
    {[%clk 0:09:39]}
36. ... Rf2+ 
    {[%clk 0:04:36]}
37. Kg1 
    {[%clk 0:08:48]}
37. ... Rf3 
    {[%clk 0:04:34]}
38. Kg2 
    {[%clk 0:09:08]}
38. ... e2 
    {[%clk 0:04:49]}
39. Ra1 
    {[%clk 0:08:59]}
39. ... Rd3 
    {[%clk 0:05:01]}
40. Re1 
    {[%clk 0:30:34]}
40. ... Kh5 
    {[%clk 0:35:15]}
41. Rxe2 
    {[%clk 0:27:42]}
41. ... Kg4 
    {[%clk 0:35:31]}
42. Ra2 
    {[%clk 0:28:08]}
42. ... Rxg3+ 
    {[%clk 0:34:20]}
43. Kf2 
    {[%clk 0:28:37]}
43. ... Rf3+ 
    {[%clk 0:34:15]}
44. Kg2 
    {[%clk 0:29:06]}
44. ... Rxf4 
    {[%clk 0:32:30]}
45. Ra6 
    {[%clk 0:29:06]}
45. ... Kxh4 
    {[%clk 0:32:32]}
46. Rxe6 
    {[%clk 0:29:25]}
46. ... g6 
    {[%clk 0:32:20]}
47. Ra6 
    {[%clk 0:25:37]}
47. ... Re4 
    {[%clk 0:32:03]}
48. e6 
    {[%clk 0:26:03]}
48. ... Kg5 
    {[%clk 0:31:04]}
49. Ra7 
    {[%clk 0:26:25]}
49. ... h5 
    {[%clk 0:30:56]}
50. e7 
    {[%clk 0:26:42]}
50. ... Kf6 
    {[%clk 0:31:11]}
51. Ra6+ 
    {[%clk 0:27:05]}
51. ... Kxe7 
    {[%clk 0:31:24]}
0-1

[Event "N1 Reykjavik Open 2014"]
[Site "Reykjavik, Iceland"]
[Date "2014.03.11"]
[Round "9.19"]
[White "Hamitevici, Vladimir"]
[Black "Bagi, Mate"]
[Result "1/2-1/2"]
[WhiteElo "2456"]
[BlackElo "2385"]
[LiveChessVersion "1.4.2"]

1. Nf3 Nc6 2. d4 d5 3. c4 Bg4 4. Nc3 e6 5. Bf4 Bd6 6. Bg3 Nge7 7. e3 Qd7 
8. a3 dxc4 9. Bxc4 Nf5 10. Be2 O-O 11. Qc2 Bh5 12. Rd1 Bg6 13. Bd3 Rfe8 
14. Nh4 Nxh4 15. Bxh4 e5 16. d5 Ne7 17. e4 c6 18. O-O Bc5 19. Ne2 Bb6 20. 
Qa4 Rac8 21. h3 Qd6 22. dxc6 Nxc6 23. Bb5 Qc7 24. Rc1 f6 25. Kh1 Red8 26. 
f4 Qe7 27. f5 Bf7 28. Bf2 Bxf2 29. Rxf2 Rd6 30. Bxc6 bxc6 31. Rf3 Be8 32. 
Qa5 Rcd8 33. Rfc3 Rd2 34. R3c2 R2d3 35. Rc3 Rd2 36. R1c2 Rd1+ 37. Kh2 h6 
38. Qc5 Qxc5 39. Rxc5 R1d2 40. Kg1 Kf8 41. Kf2 Ke7 42. Rxd2 Rxd2 43. b4 a6
44. Ke1 Ra2 45. Rc3 Kd6 46. Rd3+ Ke7 47. Rc3 Rb2 48. Kd1 Ra2 49. g4 h5 50.
 Ke1 Kd6 51. Rd3+ Ke7 52. Nc3 Rg2 53. Kf1 Rc2 54. Kg1 hxg4 55. hxg4 Bf7 
56. Na4 Bc4 57. Rc3 Rxc3 58. Nxc3 g5 59. Kf2 Kd6 60. Na4 Bb5 61. Nc5 Bc4 
62. Ke3 Ke7 63. Kf2 1/2-1/2

[Event "N1 Reykjavik Open 2014"]
[Site "Reykjavik, Iceland"]
[Date "2014.03.11"]
[Round "9.20"]
[White "Djurhuus, Rune"]
[Black "Cawdery, Daniel"]
[Result "1-0"]
[WhiteElo "2447"]
[BlackElo "2362"]
[EventDate "2014.03.04"]
[PlyCount "171"]

1. d4 Nf6 2. c4 g6 3. f3 d5 4. cxd5 Nxd5 5. e4 Nb6 6. Nc3 Bg7 7. Be3 O-O 
8. Qd2 Nc6 9. Rd1 e5 10. dxe5 Qxd2+ 11. Rxd2 Bxe5 12. Bb5 Be6 13. Nge2 Nc4
14. Bxc4 Bxc4 15. b3 Bxe2 16. Nxe2 Rad8 17. Kf2 Rxd2 18. Bxd2 Rd8 19. Ke3 
Bd6 20. Rc1 Ba3 21. Rc2 Rd7 22. Nf4 Bf8 23. Nd5 Bg7 24. Bc3 Ne7 25. Nf6+ 
Bxf6 26. Bxf6 Kf8 27. g4 Ng8 28. Be5 c6 29. Bd4 a6 30. f4 f6 31. h4 Kf7 
32. g5 f5 33. exf5 Ne7 34. fxg6+ hxg6 35. Ke4 Nf5 36. Bf2 Re7+ 37. Kd3 
Rd7+ 38. Kc4 Rd5 39. Re2 Nd6+ 40. Kc3 Rf5 41. Be3 Rd5 42. a4 Ne4+ 43. Kc2 
Ke6 44. Rh2 Ng3 45. Rh3 Nh5 46. Bd2 Kf5 47. Re3 Rd7 48. a5 Kg4 49. Re6 Kf5
50. Re8 Rf7 51. Re5+ Kg4 52. Re6 Kf5 53. Rd6 Ng3 54. Be3 Ne4 55. Rd8 Rh7 
56. Re8 Ng3 57. Re5+ Kg4 58. Re6 Nf5 59. Kd3 Rd7+ 60. Kc4 Nxh4 61. Bf2 Ng2
62. Rxg6 Nxf4 63. Rg8 Kh5 64. Bd4 Rd5 65. b4 Ng6 66. Rg7 Rb5 67. Bb6 Nf4 
68. Be3 Nd5 69. Rh7+ Kg6 70. Rh6+ Kg7 71. Bd4+ Kg8 72. g6 Rxb4+ 73. Kc5 
Rxd4 74. Kxd4 b6 75. axb6 Nxb6 76. Rh7 Nd5 77. Ke5 a5 78. Ra7 a4 79. Rxa4 
Kg7 80. Kf5 Kh6 81. Rh4+ Kg7 82. Rh7+ Kg8 83. Rd7 Nb6 84. Rb7 Nd5 85. Kg5 
Ne3 86. Rc7 1-0

[Event "N1 Reykjavik Open 2014"]
[Site "Reykjavik, Iceland"]
[Date "2014.03.11"]
[Round "9.21"]
[White "Ptacnikova, Lenka"]
[Black "Browne, Walter S"]
[Result "1/2-1/2"]
[WhiteElo "2239"]
[BlackElo "2444"]
[EventDate "2014.??.??"]
[Annotator "peturla"]
[PlyCount "133"]
[TimeControl "6000+1945"]
[WhiteClock "0:04:26"]
[BlackClock "0:04:33"]

1. c4 e5 2. g3 Nc6 3. Bg2 g6 4. Nc3 Bg7 5. e4 d6 6. Nge2 f5 7. d3 Nf6 8. 
exf5 Bxf5 9. O-O Qd7 10. d4 O-O 11. d5 Ne7 12. Bg5 Rf7 13. Qd2 Raf8 14. 
Rad1 h5 15. h4 Nh7 16. f3 Nxg5 17. hxg5 Bh3 18. Ne4 Bxg2 19. Kxg2 Nf5 20. 
Qd3 h4 21. g4 Nd4 22. Nxd4 exd4 23. Kh3 Be5 24. Rde1 Rf4 25. Nf6+ Bxf6 26.
 gxf6 R8xf6 27. Kxh4 Qf7 28. Kg3 c5 29. Re4 g5 30. Qe2 Kf8 31. Kg2 Rxe4 
32. Qxe4 Rf4 33. Qd3 Qe7 34. Rh1 Qe3 35. Rh8+ Ke7 36. Rh7+ Kd8 37. Qxe3 
dxe3 38. b3 Rd4 39. Kf1 Rd2 40. Rxb7 Rxa2 41. Rg7 Rf2+ 42. Ke1 Rxf3 43. 
Ke2 Rf2+ 44. Kxe3 Rb2 45. Rxa7 Rxb3+ 46. Ke4 Rb4 47. Kf5 Rxc4 48. Ke6 Rxg4
49. Kxd6 Ke8 50. Kxc5 Rf4 51. Kc6 Rc4+ 52. Kd6 g4 53. Re7+ Kf8 54. Re1 g3 
55. Rg1 Rc3 56. Kd7 Kf7 57. Rf1+ Kg6 58. d6 Kg5 59. Ke7 Re3+ 60. Kd8 Rd3 
61. d7 Kg4 62. Rc1 g2 63. Kc8 Kf3 64. d8=Q Rxd8+ 65. Kxd8 Kf2 66. Rc2+ Kf1
67. Rxg2 1/2-1/2

[Event "N1 Reykjavik Open 2014"]
[Site "Reykjavik, Iceland"]
[Date "2014.03.11"]
[Round "9.22"]
[White "Grandelius, Nils"]
[Black "Gullaksen, Eirik"]
[Result "1-0"]
[WhiteElo "2600"]
[BlackElo "2359"]
[EventDate "2014.03.04"]
[PlyCount "69"]

1. d4 Nf6 2. c4 g6 3. Nc3 Bg7 4. e4 O-O 5. Nf3 d6 6. Be2 Na6 7. O-O e5 8. 
Be3 Ng4 9. Bg5 Qe8 10. dxe5 dxe5 11. Qc1 c6 12. Rd1 f6 13. Bd2 f5 14. h3 
Nf6 15. exf5 gxf5 16. Bh6 Nc7 17. Bxg7 Kxg7 18. Qg5+ Kh8 19. Qh6 e4 20. 
Nh4 Ne6 21. Rd6 Ng8 22. Qd2 Qe7 23. g3 Qg7 24. Re1 Ne7 25. Kh2 Rg8 26. c5 
f4 27. Nxe4 fxg3+ 28. Nxg3 Nd5 29. Nhf5 Qf6 30. Bc4 Ndc7 31. Bxe6 Bxe6 32.
 Rexe6 Nxe6 33. Rxe6 Rgd8 34. Qe2 Qg5 35. Qe5+ 1-0

[Event "N1 Reykjavik Open 2014"]
[Site "Reykjavik, Iceland"]
[Date "2014.03.11"]
[Round "9.23"]
[White "Idani, Pouya"]
[Black "Hauge, Lars Oskar"]
[Result "1-0"]
[WhiteElo "2496"]
[BlackElo "2308"]
[EventDate "2014.03.04"]
[PlyCount "0"]

1. e4 c5 2. Nf3 d6 3. d4 cxd4 4. Qxd4 a6 5. h3 Nc6 6. Qe3 Nf6 7. c4 e6 8. 
Nc3 Be7 9. Be2 O-O 10. O-O Qc7 11. Rd1 b6 12. b3 Bb7 13. Bb2 Ne5 14. Nd4 
Ned7 15. Rac1 Rac8 16. Kh1 Rfe8 17. f4 e5 18. Nf5 Bf8 19. fxe5 Nxe5 20. 
Ba3 Rcd8 21. Nd5 Bxd5 22. cxd5 Qb7 23. Bb2 g6 24. Nd4 Bg7 25. Qf4 Rc8 26. 
Rxc8 Rxc8 27. Nc6 Nxc6 28. dxc6 Qe7 29. Bxf6 Bxf6 30. Qxd6 Qxd6 31. Rxd6 
Be5 32. Bxa6 Ra8 33. Rd5 Bg3 34. e5 Ra7 35. Rd7 Rxd7 36. cxd7 Bh4 37. g3 
Bd8 38. Kg2 Kf8 39. Kf3 Ke7 40. Bc4 Bc7 41. Ke4 h5 42. g4 hxg4 43. hxg4 
Bd8 44. a4 Bc7 45. b4 Bd8 46. Bb5 f6 47. Bc6 Bc7 48. exf6+ Kxf6 49. Kd5 
Ke7 50. Bb5 g5 51. Kc6 Kd8 52. Kb7 1-0

[Event "N1 Reykjavik Open 2014"]
[Site "Reykjavik, Iceland"]
[Date "2014.03.11"]
[Round "9.24"]
[White "Urkedal, Frode"]
[Black "Gislason, Gudmundur"]
[Result "1-0"]
[WhiteElo "2495"]
[BlackElo "2314"]
[EventDate "2014.03.04"]
[PlyCount "0"]

1. d4 Nf6 2. c4 g6 3. f3 Nc6 4. d5 Ne5 5. e4 d6 6. Nc3 Bg7 7. Bg5 h6 8. 
Be3 c5 9. Qd2 a6 10. h3 Nh5 11. Bf2 b5 12. cxb5 axb5 13. Bxb5+ Bd7 14. Be2
Rb8 15. g4 Nf6 16. f4 Nxe4 17. Nxe4 Rxb2 18. Qe3 Qa5+ 19. Kf1 Nxg4 20. 
hxg4 O-O 21. Be1 Qa4 22. Bc3 Rxa2 23. Rxa2 Qxa2 24. Bxg7 Kxg7 25. f5 Rh8 
26. fxg6 fxg6 27. Nc3 1-0

[Event "N1 Reykjavik Open 2014"]
[Site "Reykjavik, Iceland"]
[Date "2014.03.11"]
[Round "9.25"]
[White "Colovic, Aleksandar"]
[Black "Vaarala, Eric"]
[Result "1-0"]
[WhiteElo "2493"]
[BlackElo "2285"]
[EventDate "2014.03.04"]
[PlyCount "0"]

1. e4 e6 2. d4 d5 3. e5 c5 4. c3 Bd7 5. Nf3 Qb6 6. Bd3 Nc6 7. dxc5 Bxc5 8.
 b4 Be7 9. O-O Qc7 10. Re1 a5 11. b5 Na7 12. a4 Nc8 13. Be3 Nb6 14. Bd4 
Nh6 15. Nbd2 g6 16. c4 Nxc4 17. Nxc4 dxc4 18. Rc1 O-O 19. Rxc4 Qd8 20. Be3
Kg7 21. Rd4 Qe8 22. Be4 Bc8 23. Qc1 Ng8 24. Red1 h6 25. h4 f5 26. exf6+ 
Bxf6 27. Qc7+ Rf7 28. Qg3 Rd7 29. Ne5 Rxd4 30. Bxd4 Ne7 31. Nxg6 Nxg6 32. 
h5 e5 33. Bxg6 Qe7 34. Re1 Qb4 35. Be4+ Kf8 36. Bc3 Qe7 37. Bg6 Bd7 38. 
Bxe5 Bxe5 39. Rxe5 Qf6 40. Re3 Qa1+ 41. Kh2 1-0

[Event "N1 Reykjavik Open 2014"]
[Site "Reykjavik, Iceland"]
[Date "2014.03.11"]
[Round "9.26"]
[White "Krush, Irina"]
[Black "Ekeberg, Carl Fredrik"]
[Result "1-0"]
[WhiteElo "2490"]
[BlackElo "2303"]
[EventDate "2014.03.04"]
[PlyCount "0"]

1. c4 c5 2. Nf3 Nc6 3. d4 cxd4 4. Nxd4 e6 5. Nc3 Bc5 6. Ndb5 d6 7. Ne4 Nf6
8. Nbxd6+ Bxd6 9. Nxd6+ Ke7 10. Nb5 Qxd1+ 11. Kxd1 Rd8+ 12. Ke1 a6 13. Na3
e5 14. e3 Bf5 15. f3 e4 16. Bd2 g5 17. Bc3 exf3 18. gxf3 g4 19. Bg2 gxf3 
20. Bxf3 Ne4 21. Bxe4 Bxe4 22. Rf1 Rd6 23. Rf4 f5 24. Nb1 Rg8 25. Nd2 Rg1+
26. Rf1 Rg2 27. Nxe4 fxe4 28. Rd1 Rh6 29. h4 Rhg6 30. Rf2 R2g4 31. h5 Re6 
32. Rd5 Ke8 33. Rdf5 Rh4 34. Rf7 Rxh5 35. Rxb7 Ne5 36. Bxe5 Rexe5 37. Kd2 
Re7 38. Rxe7+ Kxe7 39. Kc3 Re5 40. b4 h5 41. Rf4 Re6 42. Kd4 Kd6 43. Rxe4 
Rh6 44. Rh4 Rh8 45. a4 Rh6 46. b5 axb5 47. axb5 Rh8 48. c5+ Ke6 49. Kc4 
Rh6 50. b6 1-0

[Event "N1 Reykjavik Open 2014"]
[Site "Reykjavik, Iceland"]
[Date "2014.03.11"]
[Round "9.28"]
[White "Constantinou, Peter"]
[Black "Tania, Sachdev"]
[Result "0-1"]
[WhiteElo "2270"]
[BlackElo "2423"]
[EventDate "2014.03.04"]
[PlyCount "0"]

1. d4 Nf6 2. c3 d5 3. Nf3 c6 4. Bf4 g6 5. e3 Bg7 6. Nbd2 O-O 7. Bd3 Nbd7 
8. O-O c5 9. b4 c4 10. Bc2 a5 11. b5 a4 12. Rb1 Nb6 13. h3 Ra5 14. Rb4 Bd7
15. Ne5 Bxb5 16. Qb1 Qe8 17. Qb2 a3 18. Qb1 Nc8 19. Qc1 Nd6 20. Nb1 Qa8 
21. Nf3 Rc8 22. Bxd6 exd6 23. Ne1 Bd7 24. Bd1 Bf5 25. Bc2 Ne4 26. Kh2 Bd7 
27. Bd1 Nc5 28. Nd2 Na6 29. Rb1 b5 30. Bg4 Bxg4 31. hxg4 Qa7 32. Nc2 Ra8 
33. Nb4 Nxb4 34. Rxb4 Qd7 35. Qd1 Ra4 36. Rxa4 Rxa4 37. Qf3 Qc6 38. Nb1 
Bf8 39. Rc1 Be7 40. g3 Ra5 41. Kg2 Qc8 42. Qxd5 Qxg4 43. Qb7 Bf8 44. Nd2 
b4 45. cxb4 Rh5 46. Qe4 Qh3+ 47. Kf3 d5 48. Qb1 Rf5+ 49. Ke2 Qg2 50. Rf1 
c3 51. Nb3 Qf3+ 52. Kd3 Bxb4 53. Na1 Qg2 54. Ke2 Bd6 55. Qc2 Bxg3 56. Ke1 
Bxf2+ 0-1

[Event "N1 Reykjavik Open 2014"]
[Site "Reykjavik, Iceland"]
[Date "2014.03.11"]
[Round "9.29"]
[White "Prosviriakov, Vladimir"]
[Black "Soors, Stef"]
[Result "1/2-1/2"]
[WhiteElo "2269"]
[BlackElo "2394"]
[EventDate "2014.03.04"]
[PlyCount "0"]

1. d4 Nf6 2. Nf3 e6 3. Bg5 h6 4. Bxf6 Qxf6 5. Nbd2 g6 6. c3 Bg7 7. a4 d6 
8. g3 Qe7 9. Bg2 e5 10. Qc2 O-O 11. dxe5 dxe5 12. e4 a5 13. O-O Be6 14. 
Rfe1 Re8 15. Nf1 Qc5 16. Ne3 Nd7 17. Nd5 Nb6 18. Nxb6 Qxb6 19. Nd2 h5 20. 
Bf1 Qc5 21. b3 Bh6 22. Nc4 c6 23. Red1 Red8 24. Rxd8+ Rxd8 25. Rd1 Rxd1 
26. Qxd1 b5 27. Qd8+ Bf8 28. Nxa5 Qxc3 29. Qc7 Bc5 30. b4 Bxf2+ 31. Kxf2 
Qd2+ 32. Kg1 Qe3+ 33. Kg2 Bg4 34. Qxe5 Qf3+ 35. Kg1 Qe3+ 36. Kg2 Bf3+ 37. 
Kh3 g5 38. Qe8+ Kg7 39. Qe5+ Kg8 40. Qe8+ Kg7 41. Qe5+ Kg8 42. Qe8+ 
1/2-1/2

[Event "N1 Reykjavik Open 2014"]
[Site "Reykjavik, Iceland"]
[Date "2014.03.11"]
[Round "9.30"]
[White "Kvisvik, Brede"]
[Black "Thorfinnsson, Bjorn"]
[Result "1-0"]
[WhiteElo "2257"]
[BlackElo "2389"]
[EventDate "2014.03.04"]
[PlyCount "85"]

1. e4 e5 2. Nf3 Nc6 3. Bb5 f5 4. d3 fxe4 5. dxe4 Nf6 6. Qd3 Bc5 7. O-O d6 
8. Nc3 O-O 9. Bxc6 bxc6 10. Nxe5 Qe8 11. Nf3 a5 12. Na4 Ba7 13. Be3 Bxe3 
14. Qxe3 Qxe4 15. Qxe4 Nxe4 16. Rae1 Nf6 17. c4 Bf5 18. Re7 Rf7 19. Rfe1 
Kf8 20. Rxf7+ Kxf7 21. Nd4 Bd7 22. c5 Nd5 23. f3 Rb8 24. b3 Re8 25. Rxe8 
Kxe8 26. Kf2 Nb4 27. a3 Nd3+ 28. Ke3 Nxc5 29. Nxc5 dxc5 30. Ne2 Be6 31. 
Nc1 c4 32. bxc4 Bxc4 33. Kd4 Bf1 34. g3 Ke7 35. Nb3 Bg2 36. f4 Ke6 37. 
Nxa5 c5+ 38. Kxc5 Kf5 39. Nc4 Bb7 40. Kd4 Kg4 41. Ne3+ Kh3 42. Nf5 g6 43. 
Nh6 1-0

[Event "N1 Reykjavik Open 2014"]
[Site "Reykjavik, Iceland"]
[Date "2014.03.11"]
[Round "9.31"]
[White "Steindorsson, Sigurdur P"]
[Black "Gledura, Benjamin"]
[Result "0-1"]
[WhiteElo "2215"]
[BlackElo "2385"]
[EventDate "2014.03.04"]
[PlyCount "62"]

1. c4 g6 2. Nc3 c5 3. g3 Nc6 4. Bg2 Bg7 5. e3 h5 6. Nf3 d6 7. h3 e5 8. d3 
Nge7 9. Rb1 O-O 10. O-O f6 11. a3 Be6 12. b4 b6 13. Nh4 g5 14. Ng6 Nxg6 
15. Bxc6 g4 16. Bxa8 Qxa8 17. hxg4 Bxg4 18. f3 Be6 19. Kf2 f5 20. Rh1 f4 
21. Rxh5 fxe3+ 22. Kxe3 Ne7 23. g4 Nc6 24. Ne4 Nd4 25. Rh3 Rf4 26. Qh1 Qf8
27. Bb2 Rxe4+ 28. dxe4 Qf4+ 29. Kd3 Bxc4+ 30. Kc3 Qe3+ 31. Kxc4 Qb3# 0-1

[Event "N1 Reykjavik Open 2014"]
[Site "Reykjavik, Iceland"]
[Date "2014.03.11"]
[Round "9.32"]
[White "Arngrimsson, Dagur"]
[Black "Johannesson, Oliver"]
[Result "1-0"]
[WhiteElo "2382"]
[BlackElo "2115"]
[EventDate "2014.03.04"]
[PlyCount "0"]

1. d4 d5 2. c4 c6 3. Nf3 Nf6 4. e3 Bf5 5. Nc3 e6 6. Nh4 Bg6 7. Nxg6 hxg6 
8. Bd3 Nbd7 9. O-O Ne4 10. Bxe4 dxe4 11. h3 f5 12. f3 exf3 13. Qxf3 Nf6 
14. Qg3 Kf7 15. c5 a5 16. Na4 Ne4 17. Qf3 Ng5 18. Qg3 Ne4 19. Qe5 Qf6 20. 
Qh2 Qg5 21. Nb6 Rd8 22. Nc4 Kg8 23. Nxa5 Ng3 24. Rf2 Qh4 25. Bd2 Ne4 26. 
Rf4 Qe7 27. Rxe4 fxe4 28. Qe5 Rd5 29. Qxe4 Rh4 30. Qf3 Qc7 31. Be1 Rhh5 
32. g4 Rh6 33. Nc4 Qf7 34. Qxf7+ Kxf7 35. Kg2 e5 36. Nxe5+ Rxe5 37. dxe5 
Bxc5 38. Bc3 Ke6 39. Bd4 Be7 40. Rc1 Rh8 41. a3 c5 42. Bc3 Rd8 43. Kf3 Rh8
44. Rh1 g5 45. Ke2 b5 46. Kd3 Rf8 47. Ke2 Rh8 48. Kf3 Rf8+ 49. Kg2 Rd8 50.
 Rf1 Rh8 51. Rf2 Rd8 52. Rd2 Ra8 53. Rd1 g6 54. Be1 Ra7 55. Bg3 Ra8 56. 
Kf3 Rf8+ 57. Ke4 Rh8 58. Rh1 Rd8 59. Rh2 Rd5 60. b3 Rd8 61. a4 bxa4 62. 
bxa4 c4 63. Rc2 Rc8 64. Kd4 Bc5+ 65. Kxc4 Bxe3+ 66. Kd3 1-0

[Event "N1 Reykjavik Open 2014"]
[Site "Reykjavik, Iceland"]
[Date "2014.03.11"]
[Round "9.33"]
[White "Christiansen, Johan-Sebastian"]
[Black "Dubessay, Bastien"]
[Result "0-1"]
[WhiteElo "2209"]
[BlackElo "2362"]
[EventDate "2014.03.04"]
[PlyCount "0"]

1. d4 Nf6 2. c4 g6 3. Nc3 d5 4. Nf3 Bg7 5. Qa4+ Bd7 6. Qb3 dxc4 7. Qxc4 
O-O 8. Bf4 c6 9. e4 b5 10. Qb3 Qa5 11. Bd2 b4 12. Na4 Nxe4 13. Bxb4 Qc7 
14. Bd3 Be6 15. Qc2 Nd6 16. O-O Bd5 17. Ne5 Nd7 18. Rfe1 Rfb8 19. Ba3 Nxe5
20. dxe5 Nb5 21. Bxb5 Rxb5 22. Qc3 Qa5 23. b3 e6 24. Rac1 Bh6 25. Rc2 Qd8 
26. Qh3 Bg7 27. Bd6 Qg5 28. Nc5 a5 29. Na4 h5 30. Qg3 Qf5 31. Qc3 Rd8 32. 
Be7 Rd7 33. Bc5 Be4 34. Rce2 Rd3 35. Qc2 Bd5 36. f3 Rbxb3 37. axb3 Bxb3 
38. g4 Qxf3 39. Qb1 Bd5 40. Qb8+ Kh7 41. Rf1 Qxg4+ 42. Kf2 Qxa4 43. Qb1 
Qh4+ 44. Kg1 Qg4+ 45. Kf2 Rf3+ 46. Ke1 Rxf1+ 47. Kxf1 Bc4 0-1

[Event "N1 Reykjavik Open 2014"]
[Site "Reykjavik, Iceland"]
[Date "2014.03.11"]
[Round "9.34"]
[White "Ragnarsson, Dagur"]
[Black "Devereaux, Maxim L"]
[Result "1-0"]
[WhiteElo "2105"]
[BlackElo "2345"]
[EventDate "2014.03.04"]
[PlyCount "0"]

1. c4 f5 2. g3 Nf6 3. Nf3 g6 4. Bg2 Bg7 5. Nc3 O-O 6. d3 d6 7. O-O Nc6 8. 
Rb1 a5 9. a3 e5 10. b4 axb4 11. axb4 Ne7 12. Qb3 h6 13. c5+ Kh7 14. Bb2 
Qd7 15. cxd6 cxd6 16. Rfc1 Rd8 17. e4 fxe4 18. dxe4 Qe6 19. Qc2 Bd7 20. 
Qd3 Ne8 21. Nd2 Rdc8 22. Bf1 Rab8 23. Nc4 b5 24. Ne3 h5 25. Ncd5 Bh6 26. 
Nxe7 Qxe7 27. Rxc8 Bxc8 28. Nd5 Qf7 29. Bc1 Bxc1 30. Rxc1 Be6 31. Rc6 Rb7 
32. Ne3 Qd7 33. Ra6 Kg7 34. Nd5 Qc8 35. Ra5 Bd7 36. Nc3 Bc6 37. Nxb5 Qd7 
38. Qc4 Bxb5 39. Rxb5 Nf6 40. Rxb7 Qxb7 41. Bd3 Qb6 42. h3 h4 43. Qe6 hxg3
44. Qe7+ Kh6 45. Qxf6 gxf2+ 46. Qxf2 Qxb4 47. Qf3 Qd4+ 48. Kg2 Kg7 49. h4 
Qc3 50. Kh3 Qc1 51. Bb5 Qc8+ 52. Kg3 Kh6 53. Ba4 Kg7 54. Bb3 Qe8 55. Bd5 
Qc8 56. Qf7+ Kh6 57. Qf6 Kh7 58. Qf7+ Kh6 59. Qg8 1-0

[Event "N1 Reykjavik Open 2014"]
[Site "Reykjavik, Iceland"]
[Date "2014.03.11"]
[Round "9.35"]
[White "Bjerke, Richard"]
[Black "Antal, Tibor Kende"]
[Result "0-1"]
[WhiteElo "2162"]
[BlackElo "2325"]
[EventDate "2014.03.04"]
[PlyCount "0"]

1. e4 c5 2. Nf3 d6 3. d4 cxd4 4. Nxd4 Nf6 5. Nc3 a6 6. Be2 e5 7. Nb3 Be7 
8. O-O O-O 9. Re1 b5 10. Bf1 Be6 11. a4 bxa4 12. Rxa4 a5 13. Nd5 Nxd5 14. 
exd5 Bd7 15. Ra1 a4 16. Nd2 Na6 17. Nc4 Qc7 18. Ra3 f5 19. f4 e4 20. Rh3 
Bf6 21. Qh5 h6 22. Ne3 Nb4 23. Bd2 Rab8 24. c3 Nd3 25. Bxd3 exd3 26. Nd1 
Qc5+ 27. Ree3 a3 28. bxa3 Rb1 29. Kh1 Ba4 30. Re1 Qxd5 31. Rhe3 Qa2 32. 
Rxd3 Qc2 33. Nf2 Re8 0-1

[Event "N1 Reykjavik Open 2014"]
[Site "Reykjavik, Iceland"]
[Date "2014.03.11"]
[Round "9.36"]
[White "Englert, Fabian"]
[Black "Stigar, Petter"]
[Result "1-0"]
[WhiteElo "2317"]
[BlackElo "2237"]
[EventDate "2014.03.04"]
[PlyCount "0"]

1. Nf3 d5 2. d4 Nf6 3. Bg5 Ne4 4. Bf4 c5 5. dxc5 e6 6. Nbd2 Nxc5 7. e3 Be7
8. Be2 O-O 9. O-O Nc6 10. c3 b6 11. b4 Nd7 12. a3 Bb7 13. Bg3 Bf6 14. Rc1 
Nde5 15. Qb3 Qe7 16. c4 dxc4 17. Nxc4 Nxc4 18. Bxc4 a6 19. Rfd1 Rfd8 20. 
Rxd8+ Qxd8 21. Qb1 Rc8 22. Bd3 g6 23. Be4 b5 24. h4 Ba8 25. Rd1 Qe8 26. h5
Ne7 27. Bxa8 Rxa8 28. Be5 Bxe5 29. Nxe5 Nd5 30. Qb2 gxh5 31. Rd3 Rc8 32. 
e4 Nf6 33. Rg3+ Kf8 34. Rf3 Ke7 35. Qd2 Nxe4 36. Rxf7+ Qxf7 37. Qd7+ Kf6 
38. Nxf7 1-0

[Event "N1 Reykjavik Open 2014"]
[Site "Reykjavik, Iceland"]
[Date "2014.03.11"]
[Round "9.37"]
[White "Bjornsson, Bjorn Freyr"]
[Black "Bjornsson, Sigurbjorn"]
[Result "1/2-1/2"]
[WhiteElo "2158"]
[BlackElo "2360"]
[EventDate "2014.03.04"]
[PlyCount "0"]

1. e4 e5 2. Nf3 Nc6 3. Bc4 Bc5 4. b4 Bxb4 5. c3 Ba5 6. d4 exd4 7. O-O Nf6 
8. Ba3 Ne7 9. e5 Ne4 10. Qxd4 d5 11. exd6 Nxd6 12. Qxg7 Rg8 13. Qxh7 Bf5 
14. Qh4 Rg4 15. Qh8+ Rg8 16. Qh4 Rg4 17. Qh8+ Rg8 18. Qh4 1/2-1/2

[Event "N1 Reykjavik Open 2014"]
[Site "Reykjavik, Iceland"]
[Date "2014.03.11"]
[Round "9.38"]
[White "Pajeken, Wolfgang"]
[Black "Bongartz, Philipp"]
[Result "0-1"]
[WhiteElo "2308"]
[BlackElo "2143"]
[EventDate "2014.03.04"]
[PlyCount "102"]

1. d4 e6 2. c4 Bb4+ 3. Nd2 Nc6 4. Nf3 d6 5. d5 Bxd2+ 6. Bxd2 Nce7 7. e4 
Nf6 8. Bd3 e5 9. c5 dxc5 10. Nxe5 c6 11. dxc6 Nxc6 12. Bb5 O-O 13. Nxc6 
bxc6 14. Bxc6 Rb8 15. Bc3 Qc7 16. Qa4 Rb6 17. Bb5 Nxe4 18. Ba5 Qf4 19. O-O
Bh3 20. Bxb6 Qg4 21. Qxe4 Qxe4 22. gxh3 axb6 23. a4 Qc2 24. Rab1 Rd8 25. 
b3 Qg6+ 26. Kh1 Qf6 27. f3 Rd2 28. Rbe1 g6 29. Re2 Rd4 30. Bc4 Rf4 31. 
Ref2 Qf5 32. Kg2 Rh4 33. f4 Rxh3 34. Rf3 Rh5 35. R1f2 Qg4+ 36. Rg3 Qh4 37.
 h3 Rf5 38. Rgf3 Qd8 39. Bd3 Rf6 40. f5 g5 41. Bc4 Qd7 42. Kg3 h5 43. Kg2 
Kg7 44. Rd3 Qc8 45. Rdf3 Kh6 46. Kg1 Qc7 47. Kg2 Qd6 48. Kg1 Qe5 49. Kg2 
g4 50. hxg4 hxg4 51. Rf4 Kg5 0-1